000 00518nam a22001932 4500
001 0000001503
005 20170406113504.0
008 140114s xx 000 0 eng d
020 _c$
040 _aYour Holding Symbol
_cYour Holding Symbol
100 1 _aCurtin.D,Philip.
245 1 0 _aAfrica south of the sahara.
250 _a ed.
260 _anew jersey :
_bmorriston,
_c1970.
300 _a112 p. :
_bill ;
_c cm.
504 _aindex.
650 0 _asouth sahara history.
908 _a140114
999 _c1416
_d1416